000 01114nam a22003015i 4500
999 _c28179
_d28150
003 EG-ScBUE
005 20200302105817.0
008 200219t20202019ii a f b 001 0 eng d
020 _a9788131257142
040 _aEG-ScBUE
_beng
_erda
_cEG-ScBUE
_dEG-ScBUE
082 0 4 _a617.9676
_bMAL
_222
100 1 _aMalamed, Stanley F.,
_d1944-
_eauthor.
_940127
245 1 0 _aHandbook of local anesthesia /
_cStanley F. Malamed, DDS, Dentist Anesthesiologist, Emeritus Professor of Dentistry Herman Ostrow School of Dentistry of USC, Los Angeles, California.
250 _aSeventh edition.
250 _aSouth Asia edition.
264 1 _aNew Delhi :
_bElsevier India :
_bRELX India,
_c2020
264 4 _cc2019
300 _axvii, 445 pages :
_billustrations (color) ;
_c28 cm
336 _atext
_btxt
_2rdacontent
337 _aunmediated
_bn
_2rdamedia
338 _avolume
_bnc
_2rdacarrier
504 _aIncludes bibliographical references and index.
650 7 _aLocal anesthesia
_2BUEsh
650 7 _aAnesthesia in dentistry.
_2BUEsh
653 _bDDENT
_cMarch2020
942 _2ddc
_cBB